Southville International School and Colleges
Your cart is empty.
  • Cart
  • Lists
    Public lists Eva Luna New books Lux_list list_1
    Your lists Log in to create your own lists
  • Log in to your account
  • Your cookies
  • Search history
Southville International School and Colleges
  • Advanced search
  • Recent comments
  • Most popular
  • Libraries

Log in to your account

Log in with GOOGLE


If you do not have an external account, but do have a local account, you can still log in:

  1. Home
  2. MARC view: The Wishing Moon
Normal view MARC view ISBD view

The Wishing Moon (Record no. 260312)

[ view plain ]
MARC details
000 -LEADER
fixed length control field 00831cam a22002893a 4500
001 - CONTROL NUMBER
control field 31057
003 - CONTROL NUMBER IDENTIFIER
control field PGUSA
005 - DATE AND TIME OF LATEST TRANSACTION
control field 20140828083655.0
008 - FIXED-LENGTH DATA ELEMENTS--GENERAL INFORMATION
fixed length control field 100123s2010||||xxu|||||s|||||000 1 eng d
040 ## - CATALOGING SOURCE
Original cataloging agency PGUSA
Language of cataloging eng
042 ## - AUTHENTICATION CODE
Authentication code dc
050 #4 - LIBRARY OF CONGRESS CALL NUMBER
Classification number PS
100 1# - MAIN ENTRY--PERSONAL NAME
Personal name Dutton, Louise Elizabeth
245 14 - TITLE STATEMENT
Title The Wishing Moon
Medium [electronic resource] /
Statement of responsibility, etc Louise Elizabeth Dutton
260 ## - PUBLICATION, DISTRIBUTION, ETC. (IMPRINT)
Name of publisher, distributor, etc Project Gutenberg,
Date of publication, distribution, etc 2010
506 ## - RESTRICTIONS ON ACCESS NOTE
Terms governing access Public domain in the USA.
516 ## - TYPE OF COMPUTER FILE OR DATA NOTE
Type of computer file or data note Electronic text
653 ## - INDEX TERM--UNCONTROLLED
Uncontrolled term Rich people -- Fiction
653 ## - INDEX TERM--UNCONTROLLED
Uncontrolled term Love stories
653 ## - INDEX TERM--UNCONTROLLED
Uncontrolled term New England -- Fiction
653 ## - INDEX TERM--UNCONTROLLED
Uncontrolled term City and town life -- Fiction
653 ## - INDEX TERM--UNCONTROLLED
Uncontrolled term Social classes -- Fiction
700 1# - ADDED ENTRY--PERSONAL NAME
Personal name Shinn, Everett,
Dates associated with a name 1876-1953
830 #0 - SERIES ADDED ENTRY--UNIFORM TITLE
Uniform title Project Gutenberg
Volume number/sequential designation 31057
856 40 - ELECTRONIC LOCATION AND ACCESS
Uniform Resource Identifier <a href="http://www.gutenberg.org/ebooks/31057">http://www.gutenberg.org/ebooks/31057</a>
942 ## - ADDED ENTRY ELEMENTS (KOHA)
Koha item type eBooks
Holdings
Withdrawn status Lost status Damaged status Home library Current library Date acquired Total Checkouts Date last seen Price effective from Koha item type
      Project Gutenberg Project Gutenberg 08/28/2014   08/28/2014 08/28/2014 eBooks

The Wishing Moon

APA

Dutton L. E., Shinn E., . (2010). The Wishing Moon. : Project Gutenberg.

Chicago

Dutton Louise Elizabeth, Shinn Everett, . 2010. The Wishing Moon. : Project Gutenberg.

Harvard

Dutton L. E., Shinn E., . (2010). The Wishing Moon. : Project Gutenberg.

MLA

Dutton Louise Elizabeth, Shinn Everett, . The Wishing Moon. : Project Gutenberg. 2010.

  • Place hold
  • Print
  • Cite
  • Add to your cart (remove)
  • Save record
    BIBTEX Dublin Core MARCXML MARC (non-Unicode/MARC-8) MARC (Unicode/UTF-8) MARC (Unicode/UTF-8, Standard) MODS (XML) RIS
  • More searches
    Search for this title in:
    Other Libraries (WorldCat) Other Databases (Google Scholar) Online Stores (Bookfinder.com) Open Library (openlibrary.org)

Exporting to Dublin Core...

SOUTHVILLE LIBRARY

Southville International School and Colleges Library

1281 Tropical Ave. Cor. Luxembourg St., BF Homes International, Las Pinas City

Tel. No. 8256374 / 252358 Loc. 117/146

Powered by Koha